| 000 | 01293mam a2200409 a 4500 | ||
|---|---|---|---|
| 001 | 3189093 | ||
| 003 | OSt | ||
| 005 | 20140310181749.0 | ||
| 008 | 980820s1997 ph ac b 001 0beng | ||
| 010 | _a 97947300 | ||
| 020 | _z9719105047 (pbk.) | ||
| 020 | _z9719105055 (hard) | ||
| 035 | _a(OCoLC)ocm39914077 | ||
| 035 | _a(NNC)3189093 | ||
| 040 |
_aDLC _cDLC _dJNA _dOCL |
||
| 042 | _alcode | ||
| 043 | _aa-ph--- | ||
| 050 |
_aDS 686 _b.C932 1997 |
||
| 082 |
_aFIL 351.0074 _b C84 1997 |
||
| 090 |
_aDS686.616.R34 _bC757 1997 |
||
| 100 | 1 | _aCrisostomo, Isabelo T. | |
| 245 | 1 | 0 |
_aPresident Fidel V. Ramos, builder, reformer, peacemaker / _cIsabelo T. Crisostomo. |
| 246 | 1 | 4 | _aFidel Valdez Ramos, builder, reformer, peacemaker |
| 260 |
_aQuezon City : _bJ. Kriz Pub. Enterprises, _c1997. |
||
| 300 |
_axlv, 337 p., [16] p. of plates : _bill. ; _c23 cm. |
||
| 490 | 1 |
_aPresidential books series ; _vno. 3 |
|
| 504 | _aIncludes bibliographical references and index. | ||
| 521 | _a | ||
| 541 | _j1 | ||
| 562 | _e1 | ||
| 600 | 1 | 0 |
_aRamos, Fidel V., _d1928- |
| 650 | 0 |
_aPresidents _zPhilippines _vBiography. |
|
| 651 | 0 |
_aPhilippines _xPolitics and government _y1986- |
|
| 830 | 0 |
_aPresidential books series ; _vno. 3. |
|
| 942 |
_2lcc _cBK-FIL _kFIL |
||
| 999 |
_c3139 _d3139 |
||